Tham nhũng và biện pháp chống tham nhũng ở Trung Quốc (Sách tham khảo)

Trình bày các vấn đề về tình trạng tham nhũng ở Trung Quốc thời kỳ cải cách mở cửa, các dạng tham nhũng; Nguyên nhân của tình trạng tham nhũng và các biện pháp chống tham nhũng.

Spremljeno u:
Bibliografski detalji
Format: Knjiga
Jezik:Undetermined
Izdano: Hà Nội Chính trị Quốc gia 2009
Teme:
Oznake: Dodaj oznaku
Bez oznaka, Budi prvi tko označuje ovaj zapis!
Thư viện lưu trữ: Trung tâm Học liệu Trường Đại học Cần Thơ
LEADER 00858nam a2200193Ia 4500
001 CTU_148102
008 210402s9999 xx 000 0 und d
020 |c 33000 
082 |a 364.1323 
082 |b Th104 
245 0 |a Tham nhũng và biện pháp chống tham nhũng ở Trung Quốc 
245 0 |b (Sách tham khảo) 
260 |a Hà Nội 
260 |b Chính trị Quốc gia 
260 |c 2009 
520 |a Trình bày các vấn đề về tình trạng tham nhũng ở Trung Quốc thời kỳ cải cách mở cửa, các dạng tham nhũng; Nguyên nhân của tình trạng tham nhũng và các biện pháp chống tham nhũng. 
650 |a Corruption,Incorruption,Chống tham nhũng,Tham nhũng 
904 |i Nguyên 
980 |a Trung tâm Học liệu Trường Đại học Cần Thơ